| 000 | 00354nam a22001457a 4500 | ||
|---|---|---|---|
| 020 | _a9789693519143 | ||
| 040 | _cnust | ||
| 082 |
_a891.4392 _bASH |
||
| 100 |
_aIshfaq Ahmad _9348 |
||
| 245 | _aAasoodgi Talqeen Shah | ||
| 260 |
_aLAHORE _bSang E Meel Publications _c2015 |
||
| 300 | _b512P | ||
| 650 | _2Urdu Literature-Radio Drama | ||
| 942 |
_2ddc _cBK |
||
| 999 |
_c585908 _d585908 |
||